000 01462 a2200289 4500
003 NUST
020 _a0072373474
020 _a9780072373479
038 _aA
082 0 4 _a657
100 1 _aWilson, Earl R.
_935710
245 1 0 _aAccounting for governmental and nonprofit entities /
_cEarl R. Wilson.
250 _a11th Pkg ed.
260 _a[S.l.] :
_bMcgraw-Hill College,
_c1999.
300 _a880 p. ;
_c25 cm.
500 _aHardcover.
520 _a"Accounting for Governmental and Nonprofit Entities,13e", by Wilson and Kattelus has been streamlined and will contain complete, accurate, and up-to-date coverage of all facets of accounting for governmental and not-for-profit organizations. Intended for readers concerned with the preparation and analysis of financial statements and auditing of governmental and non-profit entities, this text reflects all major changes to authoritative pronouncements from the GASB, FASB, FASAB, AICPA, GAO, and OMB that affect government and not-for-profit organizations.
563 _aHARD COVER
700 1 _aHay, Leon E.
_935711
700 1 _aKattelus, Susan C.
_935712
700 1 _aWilson, Earl.
_935713
700 1 _aHay, Leon.
_935714
700 1 _aKattelus, Susan.
_935715
856 4 0 _3Amazon.com
_uhttp://www.amazon.com/exec/obidos/ASIN/0072373474/chopaconline-20
856 4 0 _3Amazon customer reviews
_uhttp://www.chopac.org/cgi-bin/tools/azrev.pl?q=0072373474
942 _aNBS
_cBK
_k657.95 WIL
_2ddc
999 _c344953
_d344953